| 000 | 00655nam a2200217 u 4500 | ||
|---|---|---|---|
| 005 | 20210223131307.0 | ||
| 008 | 100525s2008 r 000 0 eng d | ||
| 020 | _a9789500307895 | ||
| 035 | _aUPN01000176113 | ||
| 049 | _aCG | ||
| 050 | 4 |
_aPR2812 A4 _bP3.7 |
|
| 100 | 1 |
_aShakespeare, William, _d1564-1616 |
|
| 245 | 1 | 0 |
_aEnrique V / _cWilliam Shakespeare ; Introd., tr. y notas de Delia Pasini. |
| 260 |
_aBuenos Aires : _bLosada, _c2008. |
||
| 300 | _a229 p. | ||
| 440 | 0 |
_aClásicos Losada ; _v744. _pTeatro |
|
| 534 |
_pTraducción de: _tKing Henry V |
||
| 650 | 4 |
_aTEATRO INGLES _917427 |
|
| 650 | 4 |
_aREYES Y GOBERNANTES _91648 |
|
| 905 | _aLibro | ||
| 999 |
_c148216 _d148216 |
||